Moroccan Interiors = Interieurs Marocains /
| Κύριος συγγραφέας: | |
|---|---|
| Συγγραφή απο Οργανισμό/Αρχή: | |
| Άλλοι συγγραφείς: | |
| Μορφή: | Βιβλίο |
| Γλώσσα: | English French German |
| Έκδοση: |
Koln :
Taschen,
c1995
|
| Θέματα: |
| LEADER | 01081nam a2200253 a 4500 | ||
|---|---|---|---|
| 001 | GR-Patra30864 | ||
| 008 | 010221s1995 gr g b u000 b eng d | ||
| 015 | |2 ΚΒ |2 58196 | ||
| 020 | |a 3822881775 | ||
| 041 | 0 | |a eng |a fre |a ger | |
| 082 | 0 | |a 747.09 |2 22 | |
| 100 | 1 | |a Lovatt-Smith, Lisa | |
| 245 | 1 | 0 | |a Moroccan Interiors = |b Interieurs Marocains / |c Lisa Lovatt-Smith ; edited by Angelika Muthesius. |
| 260 | |a Koln : |b Taschen, |c c1995 | ||
| 300 | |a 319 σ. : |b εικ. | ||
| 504 | |a Περιλαμβάνει βιβλιογραφικές αναφορές. | ||
| 650 | 4 | |a ΕΠΙΠΛΑ |z ΜΑΡΟΚΟ |x ΕΙΚΟΝΟΓΡΑΦΗΜΕΝΑ ΕΡΓΑ | |
| 650 | 4 | |a ΕΣΩΤΕΡΙΚΗ ΔΙΑΚΟΣΜΗΣΗ |z ΜΑΡΟΚΟ |x ΕΙΚΟΝΟΓΡΑΦΗΜΕΝΑ ΕΡΓΑ | |
| 700 | 1 | |a Muthesius, Angelika | |
| 710 | 0 | |a Taschen | |
| 942 | |2 ddc | ||
| 952 | |0 0 |1 0 |2 ddc |4 0 |6 747_090000000000000_LOV |7 1 |9 313297 |a LISK |b LISK |c BSC |d 2021-01-17 |e 24 |f 0 |g 0.00 |l 0 |o 747.09 LOV |p 92410048859 |r 2021-01-17 00:00:00 |t 1 |w 2021-01-17 |y BKN |x 20120327 0 0 |x GrPaTEI | ||
| 971 | |a .b26784361 |b 15-04-20 |c 26-09-16 | ||
| 999 | |c 179278 |d 179278 | ||